000 00841nam a22002297a 4500
005 2010082103543.0
010 _aENG-101167
020 _a8186172831
_c180.00
035 _aEN-84700
037 _bDBAD/PUB
082 _a385.0954
100 _aKhare, Vivek
_917073
245 _aThe turnaround story Indian railways :
_bbeginning...challenges... /
_cby Vivek Khare
260 _aPune
_bAmeya Prakashan
_c2008
270 _a207 Business Guild, Law College Road
_bPune
_e411004
300 _a126p.
_c22cm (pbk)
650 _aIndian railways
_zIndia
_917074
650 _aRail road- finance
_917075
650 _aRail road- management
_917076
942 _2ddc
_cEN
_h385.0954
_mKHA
999 _c42920
_d42920